| 000 | 00859nam0a22002411 4500 | ||
|---|---|---|---|
| 001 | rc\962119 | ||
| 005 | 20250622060409.0 | ||
| 035 | _a(NLR Aleph) 006131742 | ||
| 090 |
_a5568850 _c5568850 |
||
| 100 | _a20041129d1982 |||y0rusy50 ca | ||
| 101 | 0 | _arus | |
| 102 | _aRU | ||
| 105 | _ay ||||||||| | ||
| 200 | 1 | _aОпыт изучения социальных резервов трудового коллектива | |
| 210 |
_aЛ. _cЛДНТП _d1982 |
||
| 215 |
_a24 с. _d20 |
||
| 225 | 1 |
_aСерия "Экономика, управление и планирование производства, НОТ" _fЛенингр. дом науч.-техн. пропаганды |
|
| 700 | 1 |
_aСыщиков _bВ.И. _gВиктор Иванович |
|
| 801 | 0 |
_aRU _bNLR _gpsbo |
|
| 801 | 1 |
_aRU _bELAR _2rusmarc |
|
| 852 |
_aNLR _j83-6/3344 |
||
| 942 | _cBOOK | ||
| 980 | _aNB | ||